Mountain States of the United States - Statistics

General Stats
  • This quiz has been taken 16 times
  • The average score is 35 of 35
Answers on the Map
Answers color-coded by a green-red scale on the quiz's map according to % correct below.
 
Answer Stats
Answer % Correct
Alabama
100%
Alaska
100%
Arizona
100%
Arkansas
100%
California
100%
Colorado
100%
Connecticut
100%
Georgia
100%
Idaho
100%
Kentucky
100%
Maine
100%
Maryland
100%
Massachussetts
100%
Missouri
100%
Montana
100%
Nevada
100%
New Hampshire
100%
New Jersey
100%
New Mexico
100%
New York
100%
North Carolina
100%
Oklahoma
100%
Oregon
100%
Pennsylvania
100%
South Carolina
100%
Tennessee
100%
Texas
100%
Utah
100%
Vermont
100%
Virginia
100%
Washington
100%
West Virginia
100%
Wyoming
100%
Hawaii
93%
South Dakota
86%
No matching quizzes found
Score Distribution
Percent of People with Each Score
Percentile by Number Answered
Your Score History
You have not taken this quiz